| 000 | 00379nam a2200157Ia 4500 | ||
|---|---|---|---|
| 008 | 221030s9999 xx 000 0 und d | ||
| 020 | _a9812406271 | ||
| 041 | _aEnglish | ||
| 082 | _a105.23 | ||
| 100 | _aEffy Oz | ||
| 245 | 0 | _aManagement Information Systems | |
| 260 |
_bThomas International Pub. _aNew Delhi _c2002 |
||
| 300 | _a751 | ||
| 650 | _aMBA Computers | ||
| 942 | _cBK | ||
| 999 |
_c1922 _d1922 |
||